| 000 | 00986nam a2200217Ia 4500 | ||
|---|---|---|---|
| 999 |
_c37736 _d37736 |
||
| 001 | 3711 | ||
| 003 | GE_BSU | ||
| 005 | 20240314172907.0 | ||
| 008 | 181216s2012||||ge |||||||||||||| ||geo|| | ||
| 020 | _aISSN 1512-4363 | ||
| 040 | _cGE_BSU | ||
| 041 | _ageo | ||
| 080 | _a008(100) კ–89 | ||
| 245 |
_aკულტურათაშორისი კომუნიკაციები = Intercultural Communications = Межкультурные коммуникации : _b2012. N 17: / _cმთ.რედ. ინდირა ძაგანია |
||
| 264 |
_aთბილისი : _bუნივერსალი, _c2012. |
||
| 300 |
_a261 გვ. _b25 სმ. |
||
| 440 |
_aსაერთაშორისო სამეცნიერო-პერიოდული გამოცემა _921432 |
||
| 653 | _aკომუნიკაციები | ||
| 700 |
_aძაგანია, ინდირა _eრედაქტორი _93027 |
||
| 942 |
_cBK _2udc |
||